000 01079nam a22002657a 4500
003 BD-DhSAU
005 20200113130906.0
008 151014b2018 bg ||||| |||| 001 0 eng d
040 _aBD-DhSAU
082 _222
_a571.92
_bC3495
100 _a Chaki , Mrinal Kumar
_eRegistration No: 12-05133
245 _aManagement of Foot and Root Rot disease of Lentil ( Lens culinaris) /
_bMS Thesis
_cMrinal Kumar Chaki
260 _aSher-e- Bangla Agricultural University :
_bDepartment of Plant Pathology,
_c2018
300 _avii, 48 p. :
_bill. ;
_c30 cm.
500 _aMS Thesis ,Department Of Plant Pathology ,Sher-E-Bangla Agricultural University , Dhaka-1207 ,
504 _aIncludes Bibliographic Reference
590 _aShofi
650 _aPlant Pathology
_2
650 _aFoot and Root Rot disease
650 _a Lentil ( Lens culinaris)
700 _aIslam , Md. Rafiqul
_eSupervisor
700 _a Aminuzzaman , F. M.
_eCo-Supervisor
856 _u http://archive.saulibrary.edu.bd:8080/xmlui/handle/123456789/3114
_yOnline Access
942 _2ddc
_cTHESIS
999 _c14922
_d14921